[Event "EU-ch 12th"]
[Site "Aix les Bains"]
[Date "2011.03.31"]
[Round "9"]
[White "Michalik, Peter"]
[Black "Zakhartsov, Viacheslav V"]
[Result "1-0"]
[WhiteElo "2471"]
[BlackElo "2608"]
[Annotator "Marchand,A/Primel,D"]
[PlyCount "99"]
[EventDate "2011.03.22"]
[EventType "swiss"]
[EventRounds "11"]
[EventCountry "FRA"]
[SourceTitle "CBM 142 Extra"]
[Source "ChessBase"]
[SourceDate "2011.06.27"]
[SourceVersion "1"]
[SourceVersionDate "2011.06.27"]
[SourceQuality "1"]
[TimeControl "40/5400+30:1800+30"]

1. d4 Nf6 2. c4 e6 3. g3 d5 4. Bg2 dxc4 5. Nf3 Nc6 {[%cal Ga8b8,Gb7b5]} (5...
a6) 6. Qa4 (6. O-O {L'alternative mais qui est plus risquée car il faut
gambiter le P "c4"}) 6... Bb4+ (6... Nd7 $5 {[%cal Ge6e5]} 7. Qxc4 Nb6 8. Qb5 (
8. Qd3 e5) 8... Bd7 9. Qd3 $146 (9. Qb3 Na5 (9... Bd6 10. e4)) 9... Nb4 10. Qd2
c5 $132) 7. Bd2 Bd6 $5 (7... Nd5 {La grande ligne mais Bd6 est devenu
populaire depuis quelques années et c'est une ligne beaucoup plus simple а
jouer malgré la perte de temps}) 8. Na3 {Il y a encore peu de théorie sur
cette variante mais les Blancs ont un jeu actif.} (8. Qxc4 O-O 9. Bc3 Qe7 10.
Ne5 Bxe5 11. dxe5 Nd5 12. O-O Rd8 13. Na3 Nxc3 14. Qxc3 Bd7 15. Nc2 Be8 16. b4
a5 17. a3 axb4 18. axb4 Rxa1 19. Rxa1 Rb8 20. Be4 f6 21. exf6 Qxf6 22. Qc5 Rd8
{Anand,V (2770)-Kramnik,V (2790)/Frankfurt 1998/1/2-1/2 (40)}) (8. Ne5 Bxe5 9.
Bxc6+ bxc6 10. dxe5 Qd5 11. f3 Nd7 12. Nc3 Qc5 {[%csl Re1]} (12... Qxe5 13.
Qxc6) 13. f4 (13. Ne4 Qb5 14. Qa3 Bb7 (14... c5 {Ouerk,Y (2248)-Favarel,A 
(2347) Condom IM 12th 2013 (9) 0-1})) 13... O-O 14. O-O-O Rb8 15. Ne4 Qb5 $132
{Crisan,A (2635)-Rajkovic,D (2497) Kladovo 2001 (2) 1-0}) (8. O-O O-O 9. Qxc4
e5 10. d5 Ne7 11. Nc3 h6 12. Rfd1 a6 13. Qb3 Rb8 14. Be1 {Evdokimov,A (2503)
-Aleksandrov,A (2635) RUS-chT Sochi 2005 (11) 1-0}) 8... Rb8 $5 {[%cal Gb7b5]}
(8... Bxa3 {Un coup candidat naturel mais non seulement, les Noirs donnent la
paire de B dans une position relativement ouverte mais le B a joué trois fois
en huit coups...} 9. Qxa3 (9. bxa3 Ne4 $13 {Postny,E (2627)-Roiz,M (2659)
Maalot-Tarshiha 2008 (6) 1/2}) 9... Ne4 10. Be3 Qd6 11. Rc1 Qxa3 12. bxa3 Nd6
13. Ne5 Bd7 14. Nxc4 Nf5 {Gustafsson,J (2616)-Khenkin,I (2604) GER-ch 76th
Altenkirchen 2005 (5) 1/2}) (8... O-O 9. Nxc4 Ne4 10. O-O {Kohlweyer,B (2435)
-Farago,I (2491) Liechtenstein op 27th 2009 (6) 1/2} (10. Nfe5 $5 {[%cal Gg2e4,
Ge5c6]} Nxd2 11. Nxc6 bxc6 12. Nxd6 cxd6 13. Qb4 Nc4 14. Qxc4 Rb8 15. Qc3 Qb6 (
15... Ba6))) 9. Nxc4 $1 $146 {Une forte amélioration} (9. Qxc4 O-O 10. Rd1 Bd7
11. Qc2 Qe7 12. Nc4 b5 13. Ne3 Nb4 14. Qb3 a5 15. a3 a4 16. Qc3 Ne4 17. Qc1 Nd5
18. O-O Nxd2 19. Qxd2 Nxe3 20. Qxe3 b4 21. Ne5 bxa3 22. Nxd7 Qxd7 23. bxa3 Rb3
{Beliavsky,A (2645)-Farago,I (2530)/Hungary 1998/1/2-1/2 (53)}) 9... b5 10.
Nxd6+ cxd6 11. Qc2 {[%cal Gc2c6]} Bb7 (11... Qb6 {[%cal Gb6c6,Gb6b5]} 12. O-O
Bb7 13. Rac1 (13. Bg5 Nd7 (13... O-O 14. Bxf6 gxf6 15. Qe4 f5 16. Qh4 {[%cal
Gf3g5]} f6 17. d5 $1) (13... Nb4 14. Qb3 Nbd5 15. a4 O-O 16. axb5 h6 17. Bxf6
Nxf6 18. Qa4 {[%csl Ra7]} Bd5 $11 {[%csl Rb5]}) 14. Rac1) 13... O-O) 12. O-O
$14 Ne7 13. Rfc1 $32 {[%cal Ga2a4,Ga1a7]} Rc8 (13... O-O {Plus simple}) 14. Qd3
{[%csl Rb5]} (14. Qb3) 14... Qd7 15. Qa3 $5 (15. Rxc8+ Nxc8 {[%csl Rc8]} (15...
Qxc8 16. Rc1 $32) 16. Bg5 O-O 17. Bxf6 gxf6 18. e4 $14 {[%csl Gd4,Ge4][%cal
Ga1c1]}) 15... O-O 16. Qxa7 $5 {complique la position} (16. Bf4 $5 {[%csl Rd6]}
Rxc1+ 17. Rxc1 Rd8 18. Bg5 (18. Qa5 {[%cal Gc1c7]} Bc6 (18... Nc6 19. Qxb5)))
16... Rxc1+ 17. Rxc1 Ra8 18. Ne5 $8 (18. Qb6 Nfd5) 18... Rxa7 19. Nxd7 Bxg2 $2
(19... Ne8 {Evite l'échec intermédiaire}) 20. Nxf6+ gxf6 21. Kxg2 $16 Rxa2 22.
Bh6 $1 {[%csl Rg8][%cal Gc1c8] Très désagréable pour les Noirs} Ra8 23. e4 {
[%csl Gd5,Re7,Gf5]} Rc8 24. Ra1 (24. Rxc8+ $5 Nxc8 25. f3 Nb6 {[%cal Gb6c4]}
26. b3 {[%csl Rb6,Gh6] Le N privé des cases centrales est complètement dominé
par le B}) 24... f5 25. Bg5 $1 (25. f3 fxe4 26. fxe4 Rc2+) 25... Kf8 26. Bxe7+
Kxe7 27. exf5 exf5 $14 {"Toutes les finales de R sont nulles" mais la
structure Noire donne des petites chances aux Blancs.} 28. Ra5 $1 Rb8 29. Kf3
Ke6 30. Ke3 (30. Kf4 $143 Kd5 31. Ra7 Kxd4 32. Rxf7 Rc8 {[%cal Gc8c2]}) 30...
Rb7 31. Ra8 Kd5 32. Kd3 f4 33. g4 f6 34. Rh8 Re7 35. Rb8 $1 Kc6 36. Rf8 Rg7 37.
h3 Rg6 {L'activité est souvent un facteur décisif en finale de R} (37... h5 $5
38. f3 hxg4 39. hxg4 Re7 40. Rxf6 Re3+ 41. Kd2 Rxf3 42. g5 Kd5 43. g6 Rg3 44.
Rxf4 Rxg6 $11) 38. Ke4 Rh6 39. Rc8+ Kb6 40. Rc3 $36 {[%csl Gc3,Rh6]} b4 41. Rd3
(41. Rb3) 41... Kc6 42. d5+ Kc5 43. Kxf4 {[%csl Rc5,Gf4,Gg4,Gh3] Le K noir est
assez éloigné de l'aile-roi et la majorité des Blancs a des bonnes chances} Rg6
44. h4 Kc4 45. Rd2 Kb3 $2 46. Kf5 $18 {[%csl Rf6,Rg6]} Ka2 47. f4 {[%cal Gh4h5]
} Rg8 48. Ke6 Rxg4 49. Kxd6 Rxf4 50. Kc5 1-0

[Event "EU-ch 12th"]
[Site "Aix les Bains"]
[Date "2011.03.26"]
[Round "5"]
[White "Salgado Lopez, Ivan"]
[Black "Libiszewski, Fabien"]
[Result "1/2-1/2"]
[WhiteElo "2630"]
[BlackElo "2481"]
[Annotator "Marchand,A/Primel,D"]
[PlyCount "102"]
[EventDate "2011.03.22"]
[EventType "swiss"]
[EventRounds "11"]
[EventCountry "FRA"]
[SourceTitle "CBM 142 Extra"]
[Source "ChessBase"]
[SourceDate "2011.06.27"]
[SourceVersion "1"]
[SourceVersionDate "2011.06.27"]
[SourceQuality "1"]
[TimeControl "40/5400+30:1800+30"]

1. d4 {[%emt 0:00:31]} d5 {[%emt 0:00:31]} 2. Nf3 {[%emt 0:00:01]} Nf6 {
[%emt 0:00:01]} 3. c4 {[%emt 0:00:31]} e6 {[%emt 0:00:01]} 4. g3 {[%emt 0:00:
31]} dxc4 {[%emt 0:00:31]} 5. Bg2 {[%emt 0:00:01]} (5. Qa4+ $143 Nbd7 6. Bg2 a6
7. Nc3 Rb8 8. Qxc4 b5 9. Qd3 Bb7 $11) 5... Nc6 {[%emt 0:00:31]} (5... Bb4+ 6.
Nbd2 b5 (6... c3 7. bxc3 Bxc3 8. Rb1 Ne4 9. Qc2 Nxd2 10. Nxd2 Bxd2+ 11. Bxd2
O-O 12. Bf4 $14 {Bologan}) 7. O-O O-O 8. a4 c6 9. Qc2 Bb7 10. e4 Nbd7 11. e5
Nd5 12. Ne4 $44 {[%csl Rb7,Rh7][%cal Ge4g5];Carlsen,M (2714)-Ivanisevic,I 
(2607) EU-chT (Men) 16th 2007 (9.1) 0-1}) 6. O-O {[%emt 0:00:31]} (6. Qa4 {
L'alternative qui est moins risquée car en jouant oo, les Blancs ne peuvent
pas récupérer le P et c'est un véritable gambit} Bb4+ (6... Rb8) 7. Bd2 Nd5 (
7... Bd6 {[%cal Ge6e5]} 8. Qxc4 O-O 9. O-O e5 $132 {[%cal Gc8g4]}) 8. Bxb4 (8.
Qb5 O-O (8... Bxd2+ 9. Nbxd2 c3 10. bxc3 Nxc3 11. Qd3 Nd5 12. O-O O-O 13. Rfc1
{Ponomariov,R (2743)-Frolyanov,D (2610) RUS-chT Olginka 2011 (3) 1/2}) 9. Qxc4
Nb6 10. Qd3 e5 11. Nxe5 Bxd2+ 12. Nxd2 Nb4 (12... Nxd4) 13. Qc3 Qxd4 14. Qxd4
Nc2+ 15. Kd1 Nxd4 16. e3 Nf5 17. Ke2 (17. Rc1 c6) (17. Nd3) 17... Re8) 8...
Ndxb4 9. O-O Bd7 (9... Rb8 10. Nc3 a6 11. Ne5 O-O 12. Nxc6 Nxc6 13. Bxc6 bxc6
14. Qxc4 Rxb2 15. Rab1 Rb6 $11) 10. Ne5 a5 11. Nxd7 $14 {Mikhalevski,V (2532)
-Beshukov,S (2428) EU-ch 1st Saint Vincent 2000 (11) 1-0}) 6... Rb8 {[%emt 0:
02:51][%cal Gb7b5]} 7. e3 {[%emt 0:00:45]} (7. Nc3 b5 8. Ne5 Nxe5 9. dxe5 Nd7
10. Qd4 $44 {[%csl Re8]} (10. Qc2 $5 Bb4 11. Rd1 {Wang Yue (2734)-Ni Hua (2646)
CHN-ch Xinghua Jiangsu 2011 (1) 1/2} (11. a4 a6 12. Be3 Bb7 13. Bxb7 Rxb7 14.
Qe4 Qc8 15. Rfd1 c6 16. Qg4 {[%csl Rg7] Naiditsch CE Mai 2011}))) 7... b5 {
[%emt 0:00:31] Le thème de la variante pour s'accrocher au P mais les Blancs
ont des bonnes compensations} (7... a6) 8. Qe2 {[%emt 0:00:01][%cal Gf1d1]} Bb7
{[%emt 0:11:01]} ({RR} 8... Bd6 9. Rd1 O-O 10. e4 Be7 11. h4 Nb4 12. Ne1 c5 13.
Bf4 Rb7 14. dxc5 Rd7 15. Nc3 Bxc5 16. Rxd7 Bxd7 17. Rd1 Qb6 18. a3 Nc6 19. e5
Nd5 20. Bxd5 exd5 21. Nxd5 Qb7 22. Be3 Bxe3 23. Qxe3 {Kozul,Z (2569)-Beliavsky,
A (2668)/Bled 2001/EXT 2002/1-0 (43)}) (8... Be7) (8... a6) 9. b3 $1 {[%emt 0:
03:01] Dans cet ordre de coups, c'est une nouveauté} cxb3 {[%emt 0:01:01]} 10.
axb3 {[%emt 0:00:01][%csl Ga1]} a6 {[%emt 0:01:01]} 11. Bd2 {[%emt 0:05:31]} (
11. Bb2 {Burmakin,V (2554)-Saric,A (2447) Nova Gorica op-A 10th 2005 (4) 1/2})
(11. Nc3 Bb4 12. Bb2 O-O 13. Rfd1 {[%cal Ge3e4]} Qe7 14. e4 $44) 11... Ne4 $146
{[%emt 0:06:31]} (11... Nb4 {Kanep,M (2532)-Jumabayev,R (2547) Khanty-Mansiysk
ol (Men) 39th 2010 (7.2) 1/2}) 12. Rc1 {[%emt 0:04:31]} Nxd2 {[%emt 0:02:31]} (
12... Bd6) 13. Nbxd2 {[%emt 0:00:31]} Nb4 {[%emt 0:01:31]} 14. Ne5 {[%emt 0:01:
31]} Bxg2 {[%emt 0:09:31]} 15. Kxg2 {[%emt 0:01:31]} Qd5+ {[%emt 0:00:31]} 16.
e4 $1 {[%emt 0:02:31]} Qb7 {[%emt 0:01:31]} (16... Qxd4 $6 17. Ndf3 {[%csl Re8]
} Qd8 18. Nc6 $1 Nxc6 19. Rxc6 $32 {[%csl Ra6,Re8]}) 17. Qf3 $44 {[%emt 0:09:
31][%cal Gf3f7,Gf3b7]} (17. d5 $5 {[%cal Ge2e8] Un coup thématique en
particulier avec le K noir resté au centre} Bd6 (17... exd5 $6 18. exd5 Nxd5 (
18... Qxd5+ 19. Ndf3) 19. Nc6+) 18. Nc6 Nxc6 19. Rxc6 {[%csl Ra6]} O-O 20.
Raxa6 $36 {[%cal Gd2f3,Gf3d4]}) 17... c6 {[%emt 0:00:31]} 18. Qc3 {[%emt 0:04:
31][%csl Rc6]} Rc8 {[%emt 0:01:31]} 19. d5 $1 {[%emt 0:01:31][%cal Gc3c8]} c5 {
[%emt 0:04:31]} 20. dxe6 {[%emt 0:03:31]} fxe6 {[%emt 0:00:31]} 21. Qf3 {
[%emt 0:00:31]} Bd6 {[%emt 0:02:31]} 22. Qh5+ {[%emt 0:00:31][%cal Ge5g6]} g6 {
[%emt 0:00:31]} 23. Qh3 $1 {[%emt 0:00:31][%csl Rc8,Re6,Re8]} (23. Nxg6 Qf7 $1)
23... Bxe5 {[%emt 0:02:31]} 24. Qxe6+ {[%emt 0:00:31]} Qe7 $1 {[%emt 0:00:31]}
25. Qxc8+ {[%emt 0:00:31]} Kf7 {[%emt 0:00:31]} 26. Qg4 {[%emt 0:02:31]} Bxa1 {
[%emt 0:01:31]} 27. Rxa1 {[%emt 0:00:31] L'égalité matérielle a été rétablie
mais le K Blanc est plus en sécurité que celui du français} Kg7 {[%emt 0:03:31]
} 28. Nf3 {[%emt 0:02:31]} h5 $6 {[%emt 0:02:45][%csl Rg5]} 29. Qf4 {[%emt 0:
03:31]} Rf8 {[%emt 0:02:31]} 30. Qe3 $1 $14 {[%emt 0:02:31][%csl Rc5,Ge3][%cal
Gf3g5]} Nc2 {[%emt 0:05:31]} (30... Rd8 31. Ng5) 31. Qc3+ {[%emt 0:01:31]} Qf6
{[%emt 0:01:31]} 32. Qxf6+ {[%emt 0:01:31]} Rxf6 {[%emt 0:00:31]} 33. Rc1 {
[%emt 0:05:31]} Rxf3 $5 {[%emt 0:09:31] Les Noirs avaient beaucoup de temps
pour calculer les conséquences du sacrifice de qualité} 34. Kxf3 {[%emt 0:02:
31]} Nd4+ {[%emt 0:00:31]} 35. Ke3 {[%emt 0:00:11]} Nxb3 $44 {[%emt 0:00:01]
[%csl Gc5]} 36. Rd1 {[%emt 0:00:31]} Nd4 {[%emt 0:00:31]} (36... c4 37. Rd7+
Kf8) 37. Rc1 {[%emt 0:03:31]} (37. e5 $5 {[%csl Gf6][%cal Ge3e4,Ge4d5]}) 37...
Nb3 {[%emt 0:00:31]} 38. Rd1 {[%emt 0:01:31]} Nd4 {[%emt 0:00:31]} 39. Kd3 {
[%emt 0:00:31]} a5 {[%emt 0:00:31]} 40. Kc3 {[%emt 0:12:31]} (40. f4 $5 {
Les Blancs ont aussi une majorité а mobiliser}) 40... Kf6 {[%emt 0:01:31]} 41.
f4 {[%emt 0:27:45]} a4 {[%emt 0:39:31] La majorité devient dangereuse} 42. Kb2
{[%emt 0:00:31]} Ke6 {[%emt 0:01:31]} 43. g4 $5 {[%emt 0:00:31]} hxg4 {[%emt 0:
00:31]} 44. Rg1 {[%emt 0:00:31]} b4 {[%emt 0:01:31]} 45. Rxg4 {[%emt 0:00:31]}
a3+ $6 {[%emt 0:03:31]} (45... Kf6) (45... c4 $142 {[%csl Ga3,Gb3,Gc3,Gd3]} 46.
Rxg6+ Kf7 {S.MAZE}) 46. Ka2 {[%emt 0:01:45]} Kf6 {[%emt 0:03:31]} 47. h4 {
[%emt 0:07:45]} c4 {[%emt 0:03:31]} 48. f5 $1 {[%emt 0:00:31][%csl Gh4][%cal
Gh4h8,Gg4d4]} Nb5 {[%emt 0:00:31]} (48... gxf5 $2 49. exf5 {[%csl Rc4][%cal
Gg4d4]}) 49. Rxg6+ $6 {[%emt 0:01:31]} (49. e5+ $142 Kxf5 50. Rxc4 {[%csl Rb4]
[%cal Gc4c5]}) 49... Kf7 {[%emt 0:00:31]} 50. Rg3 {[%emt 0:03:31]} b3+ {
[%emt 0:00:31]} 51. Rxb3 $1 cxb3+ {[%emt 0:00:31]} 1/2-1/2

[Event "EU-ch 12th"]
[Site "Aix les Bains"]
[Date "2011.04.01"]
[Round "10"]
[White "Smirnov, Artem"]
[Black "Popov, Valerij"]
[Result "0-1"]
[WhiteElo "2425"]
[BlackElo "2565"]
[Annotator "Marchand,A/Primel,D"]
[PlyCount "54"]
[EventDate "2011.03.22"]
[EventType "swiss"]
[EventRounds "11"]
[EventCountry "FRA"]
[SourceTitle "CBM 142 Extra"]
[Source "ChessBase"]
[SourceDate "2011.06.27"]
[SourceVersion "1"]
[SourceVersionDate "2011.06.27"]
[SourceQuality "1"]
[TimeControl "40/5400+30:1800+30"]

1. c4 e6 2. Nf3 d5 3. d4 Nf6 4. g3 dxc4 5. Bg2 a6 {[%cal Gb8c6,Gb7b5]} (5...
Nc6 6. Qa4 (6. O-O a6 {Souvent une simple transposition avec la partie et la
théorie considère que la variante 6.OO est trop risquée pour les Blancs. En
jouant a6 avant Nc6, les Noirs évitent la variante Qa4}) 6... Bb4+ 7. Bd2 Nd5
8. Qb5 $13) (5... b5 6. a4 c6 7. O-O) 6. O-O (6. a4 {[%csl Gb5] L'alternative
qui empêche la poussée b5 mais en créant un trou en b4 et au prix d'un tempo
important.} Nc6 {[%csl Rb4]} 7. O-O Rb8 8. a5 Bb4 $132 {[%csl Ra5]}) (6. Ne5
Bb4+ (6... c5 7. Be3 Nd5) 7. Nc3 Nd5 8. O-O (8. Bd2 b5) 8... Nxc3 9. bxc3 Bxc3
10. Rb1 Qxd4 {La variante а la mode} 11. Qa4+ b5 12. Qa3 Qxe5 13. Bf4 $13 {
Avrukh,B (2596)-Naiditsch,A (2712) CRO-chT1A 21st 2012 (1.11) 0-1}) 6... Nc6 (
6... b5 7. Ne5 Nd5 8. a4 (8. b3 cxb3 9. Qxb3 Be7 (9... f6 10. Nc3 Bb7 11. Nd3)
10. Rd1 (10. Nc3 {Karner,H (2390)-Machulsky,A Tallinn2 1985 0-1}) 10... O-O 11.
Nc3 Bb7 12. Bf4 (12. e4) 12... f6 13. Nd3 $44) (8. Nc3 Bb7 9. Nxd5 exd5 10. b3
(10. e4) 10... f6 (10... c3 11. e4 dxe4 12. Qh5 g6 13. Nxg6 $40 {Vainerman,I 
(2200)-Novikov,I (2490) UKR-ch Kiev 1986 (3) 0-1}) 11. e4 $1 {[%csl Re8][%cal
Gd1h5]} g6 12. exd5 $44 {Gulko,B (2490)-Novikov,I (2280) URS-ch sf Volgodonsk
1983 0-1}) 8... Bb7 9. b3 $44 {Primel,D (2082)-Donchenko,A (2460) Nantes op
4th 2005 (2) 1/2}) 7. Nc3 (7. e3 {[%cal Gd1e2] La grande ligne} Bd7 8. Qe2 (8.
Nc3 Nd5 9. Nd2 (9. Qe2 Bb4 $132)) (8. Nbd2 $6 b5 9. e4 (9. Ne5 Nd5 10. e4) 9...
Be7 10. d5 exd5 11. exd5 Nb4 $15) 8... b5 9. Rd1 (9. b3) (9. Ne5 Nd5 10. Nxd7
Qxd7 11. Rd1 Rd8 (11... Be7 12. b3 $44 {Spassov}) 12. b3 c3 {Toshkov,T-Spassov,
L Albena 1985} (12... cxb3 13. axb3 Ncb4 14. e4 Nf6 $13))) (7. a4 Rb8 8. a5 Bb4
9. Qc2 (9. Qa4) 9... Nxa5 (9... O-O 10. Qxc4 Qd5 (10... Qe7 {[%cal Ge7b4,Ge6e5]
}) 11. Qd3 (11. Nbd2 Bxa5 12. e4) 11... Nxa5 (11... Bxa5 12. Ng5 Qxd4 13. Bxc6
{[%csl Ra5]} Qxd3 14. exd3 Bb6 15. Bg2) (11... e5 12. Nc3) 12. Bf4 $44 {
[%csl Rc7,Ge5][%cal Gb1c3]}) 10. Qa4+ Nc6 11. Ne5 Nd5 12. Nxc6 bxc6 13. Qxc6+
Bd7 14. Qxc4 O-O 15. Rd1 c5 16. e4 Nb6 17. Qb3 Qe7 18. Bf4 Ra8 19. d5 c4 $6 (
19... exd5 $142 20. exd5 Bg4 21. Rc1 {Raetsky}) 20. d6 $40 {Gleizerov,E (2540)
-Ivanov,S (2470) Slupsk op 1992 1-0}) 7... Rb8 {[%cal Gb7b5]} 8. e4 Be7 (8...
b5 {Plus risqué} 9. d5 $1 $36 {[%csl Re8]}) 9. Qe2 {[%cal Ge2c4,Gf1d1] Comme
souvent dans ce genre de position, les Blancs ont des bonnes compensations
avec une avance de développement et le centre} Nxd4 {Jouant pour le gain et
les Blancs doivent maintenant justifier le sacrifice des deux P} (9... b5 {
L'alternative}) 10. Nxd4 Qxd4 11. Rd1 Qc5 12. Be3 (12. e5 Nd7 13. Bf4 O-O 14.
Ne4 (14. Rd2 Nb6 15. Rad1 $32 {Brunello,S (2467)-Rombaldoni,D (2484) ITA-ch sf
70th 2010 (4) 1/2}) 14... Qa5 15. Qh5 {Ponomariov,R (2737)-Ivanchuk,V (2748)
Amber-rapid 19th 2010 (6) 1/2}) 12... Qa5 (12... Qb4 13. e5 Nd7 14. Qg4 $44 {
[%csl Rg7];Adrian,C (2270)-Kohlweyer,B (2365) Lyngby op 1989 (5) 0-1}) 13. Bd2
{[%cal Gc3d5,Gd2a5]} (13. Qxc4 e5 {[%cal Gc8e6]} (13... b5 $11 {[%cal Gc8b7]})
14. Nd5 Nxd5 15. Rxd5 {[%csl Ra5]} Be6 16. Rxa5 Bxc4 17. Rxe5 $14 f6 18. Rxe7+
$5 Kxe7 19. Rc1 Bxa2 (19... b5 20. b3) 20. Rxc7+ $44 {[%csl Ge3];Riazantsev,A 
(2599)-Milov,V (2645) Venaco op rapid 2005 (6) 1/2}) 13... Qh5 $1 {[%csl Rh2]
[%cal Gf6g4] Force le Bg2 а occuper une position instable} 14. Bf3 Qc5 15. e5
$146 (15. Be3 Qa5 (15... Qb4 16. a3 Qb3 17. Bf4 $44) 16. Bd2 {Gleizerov,E 
(2540)-Ivanov,S (2470) Slupsk op 1992 1-0} (16. Qxc4 O-O 17. Ba7 b5) (16. Ba7
$5 Ra8 17. Be3 O-O (17... Nd7 18. Qxc4 Ne5 {[%csl Rf3]}) 18. Qxc4 b5 19. Qc6
Rb8 20. e5 Bb7 21. Qxb7 Rxb7 22. exf6 Bxf6 23. Bxb7 b4 (23... Bxc3 24. bxc3
Qxc3 25. Rac1) 24. Ne4 Bxb2 $13)) (15. Rac1 $1 {Un coup naturel pour terminer
le développement et les Noirs doivent jouer trés précis.} O-O (15... b5 $6 16.
Be3 Qb4 17. a3) (15... Nd7 16. Be3 Qb4 17. a3 Qb3 18. e5 $1 O-O (18... Nxe5 19.
Be4 {[%cal Ge4c2]} Bd7 (19... Nd3) (19... O-O 20. Bc2) 20. Bd4 Nd3 $1 {Les
Noirs sont contraint de rendre du matériel pour éviter la menace Bc2})) 16. Be3
Qb4 17. a3 Qb3 18. e5 Nd7 19. Be4 {[%cal Ge4c2]} c5 20. f4 (20. Bc2 Qb6 21. Ne4
$1 {[%cal Ge4d6,Ge4g5,Ge4f6,Ge4c5]}) 20... Rd8 (20... b5 21. Bc2) 21. Rd2 {
[%cal Gc1d1]} (21. Bc2)) 15... Nd7 {[%cal Gd7e5,Gd7b6]} (15... Nd5 $143 16.
Nxd5 exd5 17. Be3 Qa5 18. Rxd5 $36) 16. Ne4 $44 {Les Blancs doivent jouer de
manière active pour garder l'initiative car si les Noirs ont le temps de
roquer, les compensations seront insuffisantes.} Qb5 (16... Qxe5 17. Bc3 {
[%csl Rg7]} (17. Bf4)) 17. a4 (17. Bc3 {[%cal Gc3e5,Ga2a4]} Bb4 $5 (17... O-O
18. a4 Qb3 19. Nd2 Qb6 20. Nxc4) (17... Nxe5 18. Bg2 {[%cal Gf2f4,Gc3g7]} f6 (
18... O-O 19. a4) 19. a4 Qb6 20. Bd4 $44 (20. Nd2 {[%cal Gd2c4,Gc3e5]})) 18.
Bd4 Nxe5 19. a4 Qa5 20. Rac1 O-O $15 {[%cal Ge5f3]}) 17... Qxb2 $13 18. Rab1
Qc2 19. Bg2 {Illustrant le problème d'avoir joué Bf3 car la menace Ne5 serait
trés forte} (19. Rbc1 Qd3 20. Rxc4 Qxe2 21. Bxe2 c5 $17 (21... Nxe5 22. Rxc7))
19... O-O 20. Qh5 f5 (20... f6 21. Rbc1 Qxa4 22. Bf4 Ba3 23. Ra1 Nb6 {La suite
saisie а tort par la FFE} 24. Bc1 Qe8 25. Qxe8 Rxe8 26. Bxa3 fxe5) 21. Rbc1 $6
(21. exf6 Nxf6 22. Nxf6+ Bxf6 23. Rbc1 Qf5) 21... Qxa4 22. Bg5 $2 (22. Ra1 $8
Qc2 (22... Qb5 23. Rab1 g6 (23... Qd5 24. Ng5) 24. Qe2 fxe4 25. Rxb5 axb5 26.
Bh6 $13 {Si les Noirs arrivent а coordonner leurs pièces, ils doivent
probablement valoriser le matériel car les P passés de l'aile-dame sont trés
forts mais pour l'instant le GMI reste en retard de développement et la
position n'est pas claire.}) 23. Ng5 Bxg5 24. Qxg5 (24. Bxg5 Nxe5 {[%cal Ge5d3]
}) 24... h6 (24... Nxe5 25. Rac1 Qa4 26. Bc3 {[%csl Re5,Rg7]} Ng6 27. h4 $44 {
[%cal Gh4h5]} Qa3 28. h5 Qe7 29. Qe3 Nh8 30. h6 gxh6 31. Qa7 $1 {[%csl Rb8]}
Bd7 32. Qd4 {[%cal Gd4d7,Gd4h8]}) 25. Qe7 Rf7 26. Qd8+ {[%csl Rb8,Rc8]}) 22...
Ba3 23. Ra1 Nxe5 24. Bc1 Qe8 25. Qxe8 Rxe8 26. Bxa3 fxe4 27. Bxe4 Nd3 0-1